|
|
|
|
| LEADER |
01956nam a2200469 i 4500 |
| 001 |
EBC1348616 |
| 003 |
MiAaPQ |
| 005 |
20200520144314.0 |
| 006 |
m o d | |
| 007 |
cr cnu|||||||| |
| 008 |
140617t20092009gw o 000 0 ger d |
| 020 |
|
|
|z 9783486587210
|
| 020 |
|
|
|a 9783486700916 (e-book)
|
| 035 |
|
|
|a (MiAaPQ)EBC1348616
|
| 035 |
|
|
|a (Au-PeEL)EBL1348616
|
| 035 |
|
|
|a (CaPaEBR)ebr10880187
|
| 035 |
|
|
|a (CaONFJC)MIL610614
|
| 035 |
|
|
|a (OCoLC)879550695
|
| 040 |
|
|
|a MiAaPQ
|b eng
|e rda
|e pn
|c MiAaPQ
|d MiAaPQ
|
| 043 |
|
|
|a e-ru---
|
| 050 |
|
4 |
|a DK100
|b .S365 2009
|
| 082 |
0 |
|
|a 947.04
|2 23
|
| 100 |
1 |
|
|a Schmidt, Christoph,
|e author.
|
| 245 |
1 |
0 |
|a Russische Geschichte 1547-1917 /
|c von Christoph Schmidt ; Dieter Vollendorf, umschlaggestaltung.
|
| 250 |
|
|
|a 2. Auflage.
|
| 264 |
|
1 |
|a Munchen, Germany :
|b R. Oldenbourg Verlag,
|c 2009.
|
| 264 |
|
4 |
|c 2009
|
| 300 |
|
|
|a 1 online resource (272 pages).
|
| 336 |
|
|
|a text
|2 rdacontent
|
| 337 |
|
|
|a computer
|2 rdamedia
|
| 338 |
|
|
|a online resource
|2 rdacarrier
|
| 490 |
1 |
|
|a Oldenbourg Grundriss der Geschichte ;
|v Band 33
|
| 588 |
|
|
|a Description based on online resource; title from PDF title page (ebrary, viewed June 17, 2014).
|
| 590 |
|
|
|a Electronic reproduction. Ann Arbor, MI : ProQuest, 2015. Available via World Wide Web. Access may be limited to ProQuest affiliated libraries.
|
| 651 |
|
0 |
|a Russia
|x History
|y 1533-1613.
|
| 651 |
|
0 |
|a Russia
|x History
|y 1613-1917.
|
| 655 |
|
4 |
|a Electronic books.
|
| 700 |
1 |
|
|a Vollendorf, Dieter,
|e cover designer.
|
| 776 |
0 |
8 |
|i Print version:
|a Schmidt, Christoph.
|t Russische Geschichte 1547-1917.
|b 2. Auflage.
|d Munchen, Germany : R. Oldenbourg Verlag, c2009
|h 260 pages
|k Oldenbourg Grundriss der Geschichte ; Band 33.
|z 9783486587210
|
| 797 |
2 |
|
|a ProQuest (Firm)
|
| 830 |
|
0 |
|a Oldenbourg Grundriss der Geschichte ;
|v Band 33.
|
| 856 |
4 |
0 |
|u https://ebookcentral.proquest.com/lib/matrademy/detail.action?docID=1348616
|z Click to View
|